Comment savoir - Il était une fois (Paroles) - Statistiques

Statistiques générales
  • Ce quiz a été pris 47 fois
  • Le résultat moyen est 224 sur 300
Statistiques - réponses
Réponse % Correct
A
95%
à
95%
a
95%
comme
95%
Comment
95%
tu
95%
Tu
95%
Il
92%
il
92%
que
92%
qui
92%
de
90%
Lui
90%
lui
90%
si
90%
vous
90%
aime
87%
est
87%
l'aimes
87%
ne
87%
y
87%
ça
85%
des
85%
et
85%
Et
85%
Le
85%
le
85%
savoir
85%
dans
82%
dire
82%
Par
82%
qu'il
82%
Qu'il
82%
te
82%
pour
79%
Pour
79%
un
79%
Est-ce
77%
jamais
77%
sait-elle
77%
sais
74%
elle
72%
L'amour
72%
l'amour
72%
longtemps
72%
montrer
72%
n'es
72%
peux
72%
se
72%
très
72%
yeux
72%
cadeau
69%
ces
69%
dit
69%
nous
69%
pas
69%
s'il
69%
montres-tu
67%
mots
67%
quoi
67%
toi
67%
voit-elle
67%
c'est
64%
doux
64%
fleurs
64%
garanti
64%
pense
64%
poèmes
64%
quand
64%
son
64%
Son
64%
faire
62%
gai
62%
n'est
62%
plaisir
62%
tout
62%
Tout
62%
Chante
59%
parler
59%
qu'on
59%
tant
59%
Tant
59%
une
59%
amour
56%
écrire
56%
m'aime
56%
montrera
56%
partager
56%
plus
56%
sait-on
56%
vrai
56%
belle
54%
avec
51%
chanson
51%
danser
51%
Juste
51%
nos
51%
costume
49%
donner
49%
gâcher
49%
journée
49%
Oui
49%
beau
46%
bonheur
46%
t'offre
46%
pique-nique
44%
tous
44%
d'un
41%
emmène
41%
être
41%
monde
41%
près
41%
proche
41%
vraiment
41%
château
38%
cœur
38%
dois
38%
laisse
38%
met
38%
Organise
38%
prouver
38%
t'aime
38%
bout
36%
jusqu'au
36%
battra
33%
joies
33%
Effacer
31%
trouver
31%
après
28%
gens
28%
problèmes
28%
veulent
28%
veut
28%
court
26%
encore
26%
aimer
23%
plein
23%
lontgemps
0%
Aucun quiz correspondant
Distribution des résultats
% des personnes avec chaque résultat
Percentile par nombre de réponses
Votre historique - résultats
Vous n’avez pas pris ce quiz